[Event "Heusenstamm Sparkassen op-B 3rd"]
[Site "Heusenstamm"]
[Date "2016.11.27"]
[Round "7"]
[White "Kellner, Guenter"]
[Black "Held, Maurice"]
[Result "0-1"]
[WhiteElo "1587"]
[BlackElo "1707"]
[PlyCount "102"]
[EventDate "2016.11.27"]
[EventType "swiss"]
[EventRounds "7"]
[EventCountry "GER"]
[SourceTitle "EXT 2018"]
[Source "ChessBase"]
[SourceDate "2017.10.13"]
[SourceVersion "1"]
[SourceVersionDate "2017.10.13"]
[SourceQuality "1"]

1. c4 g6 2. g3 Bg7 3. Bg2 c5 4. Nc3 Nc6 5. b3 e5 6. Bb2 Nge7 7. d3 d6 8. e4 Nd4 9. h3 0-0 10. Nge2 Nec6 11. 0-0 a6 12. Nxd4 Nxd4 13. Ne2 Nxe2+ 14. Qxe2 b5 15. Kh2 Be6 16. Qe3 Qb6 17. Bc3 Rfb8 18. Rfd1 b4 19. Be1 a5 20. Qd2 Ra6 21. Qc2 Rba8 22. a3 Bd7 23. a4 Rf8 24. Qe2 Raa8 25. Bd2 Rae8 26. Rf1 Qd8 27. Ra2 Bc6 28. Be3 f5 29. f3 f4 30. Bf2 h5 31. g4 Qf6 32. Rh1 Bd7 33. Kg1 hxg4 34. hxg4 Bxg4 35. Ra1 Bh5 36. Rf1 Kf7 37. Be1 Rh8 38. Bh3 Rh7 39. Qg2 g5 40. Kf2 Bg6 41. Bg4 Reh8 42. Rxh7 Rxh7 43. Rh1 Ke7 44. Rxh7 Bxh7 45. Qh3 Qh6 46. Qxh6 Bxh6 47. Kg2 Bg6 48. Kh3 Be8 49. Bf2 Bxa4 50. bxa4 b3 51. Be1 b2 0-1